Ecos visuales /

Detalles Bibliográficos
Autor principal: Campo Castro, Natalia (Autor)
Formato: Electrónico eBook
Lenguaje:español
Publicado: Cali, Valle del Cauca, Colombia : [Bogotá, Colombia] : Universidad Autónoma de Occidente ; Dado Editorial Braille, 2023.
Edición:Primera edición.
Materias:
Acceso en línea:Digitalia Hispánica

MARC

LEADER 00000nam a2200000Ii 4500
001 DIGUAOCCTE0108
003 NyNyDIG
006 m o d
007 cr |||||||||||
008 240915s2023 ck a ob 000 0 spa d
035 |a (OCoLC)1456948045 
040 |a DGITA  |b eng  |e rda  |e pn  |c DGITA 
020 |a 9789586191371  |q pdf 
020 |a 9789586191388  |q ePub 
020 |z 9789586191364  |q impreso 
050 1 4 |a HM683 ebook 
100 1 |a Campo Castro, Natalia,  |e author. 
245 1 0 |a Ecos visuales /  |c Natalia Campo Castro. 
250 |a Primera edición. 
264 1 |a Cali, Valle del Cauca, Colombia :  |b Universidad Autónoma de Occidente ;  |a [Bogotá, Colombia] :  |b Dado Editorial Braille,  |c 2023. 
300 |a 1 online resource :  |b illustrations. 
336 |a text  |b txt  |2 rdacontent 
337 |a computer  |b c  |2 rdamedia 
338 |a online resource  |b cr  |2 rdacarrier 
347 |a text file  |2 rdaft 
347 |b PDF 
504 |a Includes bibliographical references. 
588 0 |a Online resource; title from PDF title page (Digitalia, viewed September 15, 2024) 
650 0 |a Social integration. 
650 0 |a Photography. 
650 0 |a Low vision. 
776 0 8 |i Print version:  |a Campo Castro, Natalia.  |t Ecos visuales.  |b Primera edición.  |d Cali, Valle del Cauca, Colombia : Universidad Autónoma de Occidente ; [Bogotá, Colombia] : Dado Editorial Braille, 2023  |z 9789586191364 
791 2 |a Digitalia (Firm),  |e distributor. 
793 0 |g Digitalia eBook Collection:  |a Universidad Autónoma de Occidente 
856 4 0 |3 Digitalia Hispánica  |u https://www.digitaliapublishing.com/a/157208/ 
910 |a Premium collection: 2024